000
00334nam a22001577a 4500
003
SGT
020
_a
81-239-1442-3
082
_a
615
_b
M18K
100
_a
KULKARNI, JAYANT,S.
245
_a
MCQ,S IN PHARMACOLOGY
250
_a
1ST
260
_a
NEW DELHI
_b
CBS PUB
_c
2018
300
_a
340
650
_a
PHARMACY
942
_2
ddc
_c
BK
_0
7
999
_c
16074
_d
16074